Music Quiz

Random Music or Artist Quiz

Every UK No-1 Single of 1997 Quiz Stats

 Plays Quiz not verified by Sporcle

Challenge
Share
Tweet
Embed
Score 0/25 Timer 06:00
0 Plays Today
Artist Single % Correct
No DoubtDon't Speak
93.8%
AquaBarbie Girl
92.2%
R KellyI Believe I Can Fly
90.6%
HansonMmmbop
89.1%
The VerveThe Drugs Don't Work
89.1%
Elton JohnCandle In the Wind 97-Something About the Way you Look Tonight
89.1%
Will SmithMen In Black
87.5%
Puff Daddy feat Faith EvansI'll Be Missing You
85.9%
Various ArtistsPerfect Day
84.4%
TeletubbiesTeletubbies Say Eh-Oh!
84.4%
Spice Girls2 Become 1
82.8%
Spice GirlsMama-Who Do You Think You Are?
82.8%
White TownYour Woman
81.3%
Artist Single % Correct
Eternal feat Bebe WilliamsI Wanna Be the One
78.1%
Spice GirlsSpice Up Your Life
78.1%
Spice GirlsToo Much
78.1%
Tori AmosProfessional Widow (It's Got to Be Big)
76.6%
U2Discotheque
76.6%
OliveYou're Not Alone
76.6%
BlurBeetlebum
75%
Chemical BrothersBlock Rockin Beats
75%
LL Cool JAin't Nobody
70.3%
Michael JacksonBlood on the Dancefloor
70.3%
OasisD'You Know What I Mean?
46.9%
Gary BarlowLove Won't Wait
42.2%

You're not logged in!

Compare scores with friends on all Sporcle quizzes.
OR
Log In

You Might Also Like...

Show Comments

Extras

Created Jul 1, 2012ReportNominate
Tags:Artist Quiz, 1997, single

Top Quizzes Today


Score Distribution

Your Account Isn't Verified!

In order to create a playlist on Sporcle, you need to verify the email address you used during registration. Go to your Sporcle Settings to finish the process.

Report this User

Report this user for behavior that violates our Community Guidelines.

Details: